15 BIGGEST CITIES IN MURCIA - Statistics

General Stats
  • This quiz has been taken 66 times
  • The average score is 9 of 15
Answer Stats
Pop. Answer % Correct
442.203 Murcia
98%
214.918 Cartagena
94%
92.869 Lorca
86%
32.218 Yecla
67%
66.775 Molina de Segura
65%
25.926 Caravaca de la Cruz
63%
33.990 Águilas
61%
41.568 Alcantarilla
59%
24.093 Jumilla
59%
29.961 San Javier
59%
21.443 San Pedro del Pinatar
59%
34.435 Cieza
51%
35 .463 Mazarrón
49%
26.438 Totana
41%
31.366 Torre Pacheco
31%
No matching quizzes found
Score Distribution
Percent of People with Each Score
Percentile by Number Answered
Your Score History
You have not taken this quiz